Quizzes
Events
Quiz Creation
Community
Videos
Private Events
Remove Ads
Sign In
Join for FREE
Feedback
Dark Mode
Quiz Categories
Sports
Geography
Music
Movies
Television
Just For Fun
Miscellaneous
History
Literature
Language
Science
Gaming
Entertainment
Religion
Holiday
For Kids
Quiz Lab
Recent
Popular Today
Quiz Kudos Today
Editor Picks
Curator Picks
Quizzes by...
Day
Popularity
Type
Ratings
Length
Year
Community
Subscriptions
Recent Discussions
Orange Saloon
Badges
Playlists
Quests
Create
Leaderboards
Showdown
Live 5
Trivia Bingo
Activity
Puzzle Library
Sporcle Events
Private Events
Virtual Trivia
Globe League
Become a Host
Pub Owners
SporcleCon
Opinionation
Our Games
Videos
Blog
Mobile Apps
Partnerships
Remove Ads and Go Orange
Feedback
Language
Vocabulary
Begins and Ends
Definition
Spanish
French
German
Italian
Chinese
Latin
Translation
Japanese
Language
Vocabulary
Begins and Ends
Definition
Spanish
French
German
Italian
Chinese
Latin
Translation
Japanese
Random Quiz
Search Sporcle
×
Quiz Lab
Quiz Lab
Language
German
Type in answers that appear in a list
Type in answers that appear in a list
Classic
Best Score? Go Orange.
Lektion 4 Wortschatz Stats
Can you name the Lektion 4 Wortschatz?
By
Vlaanderen90
10m
100 Questions
6 Plays
6 Plays
6 Plays
Comments
Comments
Give Quiz Kudos
Give Quiz Kudos
-
- Ratings
hide this ad
Random Order
Randomize order of answers
Randomize order of answers
Replay
Link that replays current quiz
Next Quiz
Link to next quiz in quiz playlist
You Got
0%
They Got
Avg Score
6%
Avg Friend Score
Upgrade to see
Score Distribution
Jump to the score distribution portion of the page
Score
0/100
Timer
10:00
0
Plays Today
English
German
% Correct
flight attendant
der Flugbegleiter
100%
on board
an Bord
100%
duty-
free
zollfrei
100%
half board
die Halbpension
100%
guest house
die Pension
100%
full board
die Vollpension
100%
vacancy
Zimmer frei
100%
tent
das Zelt, -e
100%
to organize
organisieren
100%
to go hiking
wandern
100%
ski equipment
die Skiausrüstung, -en
100%
ski lift
der Skilift, -e
100%
snorkel
der Schnorchel
100%
exotic
exotisch
100%
sunblock
die Sonnencreme, -s
100%
beach umbrella/
parasol
der (Strand)sonnenschirm, -e
100%
surfboard
das Surfbrett, -er
100%
to sail
segeln
100%
to sunbathe
sonnenbaden
100%
to surf
surfen
100%
pleasant
angenehm
100%
canceled
gestrichen
100%
organized
organisiert
100%
flextime
die Gleitzeit
100%
ID card
der Personalausweis, -e
100%
expired
abgelaufen
100%
vacation destination
das Urlaubszeil, -e
100%
to relax
sich entspannen
100%
to explore
erkunden
100%
good value
preiswert
100%
advisable
ratsam
100%
platform
der Bahnsteig, -e
66.7%
departure time (train)
die Abfahrtszeit, -en
33.3%
connection
der Anschluss, ¨e
33.3%
English
German
% Correct
ticket collector/
conductor (male)
der Schaffner
16.7%
ticket collector/
conductor (female)
die Schaffnerin, -nen
16.7%
(window/
aisle) seat
der (Fenster|Gang)platz, ¨e
0%
departure hall/
lounge
die Abflughalle, -n
0%
departure time
die Abflugzeit, en
0%
arrrival(s) terminal
die Ankunftshalle, -n
0%
boarding pass
die Bordkarte, -n
0%
departure gate
der Flugsteig
0%
currecy exchange
der Geldwechsel
0%
baggage claim
die Gepäckausgabe
0%
landing
die Landung, en
0%
security check
die Sicherheitskontrolle, -n
0%
delay; late arrival
die Verspätung, -en
0%
to board the plane
an Bord des Flugzeuges gehen
0%
to check in
einchecken
0%
to stand in line
in der Schlange stehen
0%
vacation resort
der Ferienort, e
0%
(car) rental
die (Auto)vermietung
0%
inn
das Wirtshaus, -¨er
0%
full; no vacancy
(voll belegt)
0%
five star
Fünf-Sterne
0%
to rent (house; car)
mieten
0%
mountain climbing
das Bergsteigen
0%
campground
der Campingplatz, -¨e
0%
fishing
das Fischen
0%
canoeing
das Kanufahren
0%
sleeping bag
der Schlafsack, -¨e
0%
hiker
der Wander
0%
hiking trail
der Wanderweg, -e
0%
RV, motor home
das Wohnmobil, -e
0%
ski slope
der Skihang, -¨e
0%
cross-
country skiing
der (Ski)langlauf
0%
ski pass
der Skipass, -¨e
0%
ski resort
der Skiurlaubsort, -e
0%
English
German
% Correct
excursion
der Ausflug, -¨e
0%
beach towel
das Strandtuch, -¨er
0%
(sail)boat
das (Segel)boot, -e
0%
cruise
die Kreuzfahrt, -en
0%
seaside resort
das Seebad, -¨er
0%
sunburn
der Sonnenbrand, -¨e
0%
disorganized
chaotisch
0%
frustrated
frustriert
0%
stressful
stressig oder anstrengend
0%
delayed
verspätet
0%
application
der Antrag, -¨e
0%
administrative body
die Behörde, -n
0%
hurdle
die Hürde, -n
0%
polica station
die (Polizei)wache, -n
0%
fact; circumstance
der Sachverhalt, -e
0%
mistaken identity
die Verwechlung, -en
0%
to deport
abschieben
0%
to register one's change of address
sich ummelden
0%
to extend
verlängern
0%
temporary
vorläufig
0%
vacation rental
die Ferienwohnung, -en
0%
taste
der Geschmack, -¨er
0%
fairy tale
das Märchen
0%
price category
die Preisklasse, -n
0%
lodging, accommodation
die Unterkunft, -¨e
0%
means of transportation
das Verkehrsmittel
0%
to offer
anbieten
0%
to admire
bewundern
0%
inhabited
bewohnt
0%
luxurious
luxuriös
0%
various
verschieden
0%
towel
das Badetuch, -¨er
0%
Quiz Playlist
Details
Report
Send in Message
Add To Playlist
Classic:
Type in answers that appear in a list
Random Order:
Randomize order of answers
Last Updated: Feb 16, 2017
Quiz Scoreboard
CHALLENGE
Sign Up to Join the Scoreboard
Show All
Scores
Hide
Comments
May contain spoilers
Recently Published
One Thing in Common: World Cities II
by knightlancer
Geography
7m
Popular People in 1961
by mucciniale
History
6m
1-10 Letter E Words III
by El_Dandy
Language
2m
More to Explore
Quiz From the Vault
Featured Blog Post
Where Did the Easter Bunny Come From?
hide this ad
You Might Also Like...
Tags
German Quiz
English
Today's Top Quizzes in Language
Browse Language
hide this ad
Today's Top Quizzes in German
Browse German
Top Contributed Quizzes in Language
1
Order Up: Top 10 Most Native Spoken Languages
2
1-10 Letter F Words III
3
1-10 Letter G Words III
4
One Thing in Common: Italy
5
1-10 Letter H Words III
6
1-10 Letter I Words III
7
Hiragana Speed Reading
8
Begins and Ends With AN
9
Vocabulary 5
10
1-10 Letter J Words III
Explore More
Trending Topics
Crossword
Anime
NBA
Kpop
Disney
Marvel
Harry Potter
Pokémon
NFL
Soccer
WWE
The Office
Puzzle
Song
Country
hide this ad
More By:
Vlaanderen90
Quiz
Plays
Rating
Category
Featured
Created
Irregular Verbs: Präteritum and Past Participle
25
Language
Nov 17, 2011
Lektion 4 Wortschatz pt. 2
22
2.00
Language
Nov 21, 2011
Lektion 1 Wortschatz
13
Language
Nov 29, 2011
Lektion 4 Wortschatz
6
Language
Nov 17, 2011
Go to Creator's Profile
Score Distribution
Quiz Creator Spotlight
Vlaanderen90
Follow
Send a Message
Quizzes Created
-
Created Quiz Play Count
-
More By This Creator
Popular Quizzes Today
1
Find the US States - No Outlines Minefield
2
The Countries of the World
3
Find the Countries of Europe - No Outlines Minefield
4
Popular People in 1961
5
1-10 Letter E Words III
6
Find the US States
7
One Thing in Common: World Cities II
8
US States
More Language Quizzes
Crop Homographs
Curator's Pick
Trending Quizzes
Risky Map Clicking: Least Populous States A-Z
1-10 Letter F Words
1-10 Letter G Words
One Thing in Common: United Kingdom
Risky Map Clicking: Next State Alphabetically
Recently Updated
Leaping Animals
pecheneg
Reality TV Shows (A-Z)
bhenderson79
Rickey Henderson's Hall of Fame Teammates
pecheneg
Champions League XIs: Arsenal
pecheneg
Quick Pick: Celebrities in WWE's Hall of Fame
aduchscher
A-Z Keypad Blitz II
pecheneg
Multiple Oscar Actors
pecheneg
Mystery Phrase Blitz: Oscar 'Best Actors'
pecheneg
F. Scott Fitzgerald Novels
LTH
Pick 3 Villains
ddd62291
Trending Topics
NBA
Anime
Kpop
Marvel
Crossword
Disney
Harry Potter
Country
Song
The Office
NFL
WWE
Soccer
Puzzle
Pokémon
Your Account Isn't Verified!
In order to create a playlist on Sporcle, you need to verify the email address you used during registration. Go to your
Sporcle Settings
to finish the process.
Report this User
Report this user for behavior that violates our
Community Guidelines
.
Details:
Send Report
Go to the Sporcle.com Mobile Site →
Comments